| 000 | 01081nam a22003737a 4500 | ||
|---|---|---|---|
| 001 | 0051679 | ||
| 003 | KOHA_MİRAKIL | ||
| 005 | 20260207003814.0 | ||
| 007 | ta | ||
| 008 | 150629b2013 tu |||gr||||#0|||0|tur | | ||
| 020 | _a9786051336985 | ||
| 040 |
_aTR-BiSEU _btur _cTR-BiSEU _erda |
||
| 041 | 0 | _atur | |
| 044 | _ctu | ||
| 050 |
_aDR477 _b.A73 2013 |
||
| 100 | 1 | _aArafat, Mohammad. | |
| 245 | 1 |
_aTürkiye ve komşuları/ _cMohammad Arafat ; Mohammad Arafat . |
|
| 250 | _a2. Baskı | ||
| 264 | 1 |
_aAnkara : _bNobel Yayın Dağıtım _c2013 |
|
| 300 |
_aVIII, 339 sayfa ; _c20 cm. |
||
| 336 |
_ametin _btxt _2rdacontent |
||
| 337 |
_aaracısız _bn _2rdamedia |
||
| 338 |
_acilt _bnc _2rdacarrier |
||
| 490 | 1 |
_aNobel yayın no ; _v797. |
|
| 490 | 1 |
_aUluslararası İlişkiler ; _v4. |
|
| 490 | 1 | _a | |
| 650 | 0 |
_aTurkey--Foreign relations. _94972 |
|
| 650 | 0 |
_aTürkiye--Dış ilişkiler. _96200 |
|
| 830 | 1 |
_aNobel yayın no ; _v797. _91940 |
|
| 830 | 1 |
_aUluslararası İlişkiler ; _v4. _976517 |
|
| 830 | 1 |
_a _91620 |
|
| 907 | _aTarih | ||
| 942 |
_2lcc _cBK |
||
| 999 |
_c51499 _d51499 |
||